000 01053nam a22003257a 4500
003 CHAP
005 20220329135113.0
008 971013s1972 r 00010 d
010 _a30988
011 _a31960
035 _a36072
040 _cCHAP
082 _a630.0182
_bL5
100 0 0 _aLittle, Thomas M.
_967171
245 _aStatistical method in agricultural research
260 _aDavis, Cal. :
_bUniversity of California,
_c1972
300 _a242 p.
590 _aBATCH-UPD
_b10
_c20130110
_lUCH01
_h0336
590 _aBATCH-UPD
_b10
_c20130110
_lUCH01
_h2016
590 _aBATCH-UPD
_b10
_c20130410
_lUCH01
_h0009
590 _aBATCH-UPD
_b10
_c20130410
_lUCH01
_h1508
590 _aBATCH-UPD
_b10
_c20140805
_lUCH01
_h1144
590 _aCONVERSION
_b10
_c20130109
_lUCH01
_h1318
650 1 4 _aAgricultura
_xInvestigación.
_91577
650 1 4 _aAgricultura
_xMetodos estadisticos.
_91745
700 0 _aHills, F. Jackson.
_955461
901 _aBK
942 _cLIBRO
949 _a630.0182 L5
_bBC
_cLIBRO
_d33724000027926
_eLIBRO
_h31447
_i36072
_si
_t43.75
999 _c30988
_d30988